00416pab a2200157 454500008004000000100001800040245005700058260000900115300001100124362001100135650002500146650002900171650002100200700001700221773002000238180718b2014 xxu||||| |||| 00| 0 eng d aSingh, Ranjit aUniversity education in India: Rethinking priorities c2014 ap.3-6. a14 Apr aUniversities - India aHigher education - India aHigher education aSanjiv Kumar aUniversity News